Statistics for Top 25 Most Obese U.S. States

Click here to take the quiz!

General Stats

  • This quiz has been taken 52 times
  • The average score is 21 of 25

Answer Stats

%State% Correct
34.0%Texas
95%
36.1%Alabama
93%
36.6%Kentucky
93%
35.9%Louisiana
91%
40.8%Mississippi
91%
34.9%North Dakota
91%
34.5%Ohio
91%
34.1%Nebraska
88%
33.8%North Carolina
88%
35.4%South Carolina
88%
33.0%South Dakota
88%
37.4%Arkansas
86%
33.1%Georgia
86%
35.2%Kansas
86%
36.5%Tennessee
86%
39.7%West Virginia
86%
33.9%Iowa
84%
36.0%Michigan
84%
35.3%Indiana
81%
34.8%Missouri
81%
34.2%Wisconsin
74%
33.5%Pennsylvania
72%
36.8%Oklahoma
70%
32.3%Maryland
65%
34.4%Delaware
63%

Score Distribution

Percentile by Number Answered

Percent of People with Each Score

Your Score History

You have not taken this quiz